000 00699nam a2200133Ia 4500
008 220615s9999||||xx |||||||||||||| ||und||
100 _aCerniglia, Floriana||Saraceno, Francesco||Watt, Andrew
245 4 _aThe Great Reset
_b2021 European Public Investment Outlook
546 _aEnglish[eng]
650 _aclimate change||COVID-19 recession||Europe||European governments||human capital formation||NextGenerationEU||public investment||sustainable Europe
700 _aCerniglia, Floriana||Saraceno, Francesco||Watt, Andrew
856 _uhttps://library.oapen.org/bitstream/20.500.12657/52039/1/9781800643529.pdf||https://library.oapen.org/bitstream/20.500.12657/52039/1/9781800643529.pdf
942 _cEB
999 _c9443
_d9443